[Event "2MCR_3DE_1L_2S"]
[Site "?"]
[Date "2007.??.??"]
[Round "?"]
[White "Prochazka, Dalibor"]
[Black "Glaser, Karel"]
[Result "1-0"]
[WhiteElo "2200"]
[BlackElo "2200"]
[Annotator "049"]
[PlyCount "75"]
[EventDate "2007.??.??"]
[EventType "corr"]
[EventRounds "1"]
[SourceDate "2007.01.28"]

1. e4 e5 2. f4 exf4 3. Nf3 g5 4. d4 d6 5. h4 g4 6. Ng1 Bh6 7. Nc3 Nc6 8. Nge2
f3 9. Nf4 f2+ 10. Kxf2 g3+ 11. Kxg3 Nf6 12. Be2 Rg8+ 13. Kf2 Bg4 14. Bf3 Bxf3
15. gxf3 Qd7 16. Nce2 O-O-O 17. Qd3 Qe7 18. c3 Rde8 19. Nd5 Nxd5 20. exd5 Bxc1
21. Raxc1 Nd8 22. Ng3 Kb8 23. Rce1 Qf6 24. Rxe8 Rxe8 25. Qxh7 Qf4 26. Qd3 a6
27. Ne2 Qh6 28. h5 c6 29. dxc6 Nxc6 30. Ng3 d5 31. Nf5 Qg5 32. Ne3 Ne7 33. h6
Ng6 34. h7 Ka7 35. a4 f5 36. b4 Nh4 37. Rg1 Qh5 38. Rg8 1-0

[Event "2MCR_3DE_1L_2S"]
[Site "?"]
[Date "2007.??.??"]
[Round "?"]
[White "Alexa, Jaroslav"]
[Black "Postl, Rostislav"]
[Result "1/2-1/2"]
[WhiteElo "2374"]
[BlackElo "2340"]
[Annotator "050"]
[PlyCount "71"]
[EventDate "2007.??.??"]
[EventType "corr"]
[EventRounds "1"]
[SourceDate "2007.01.28"]

1. d4 Nf6 2. Nf3 d5 3. c4 e6 4. Nc3 Be7 5. Bg5 O-O 6. e3 h6 7. Bh4 b6 8. Be2
Bb7 9. Bxf6 Bxf6 10. cxd5 exd5 11. b4 c6 12. O-O Qd6 13. Qb3 Nd7 14. a4 a5 15.
bxa5 Rxa5 16. e4 dxe4 17. Nxe4 Qc7 18. Nxf6+ Nxf6 19. Rfb1 Ba6 20. Bxa6 Rxa6
21. Ne5 Rd8 22. Qc4 Rda8 23. g3 c5 24. Rc1 Qe7 25. Re1 cxd4 26. Qxd4 Qe6 27.
Qb4 Qd5 28. Rad1 Qa2 29. Rd6 Rxa4 30. Qxb6 Re4 31. Rxe4 Nxe4 32. Rd8+ Rxd8 33.
Qxd8+ Kh7 34. Qd4 Qe2 35. Kg2 Nxf2 36. Qxf2 1/2-1/2

[Event "2MCR_3DE_1L_3S"]
[Site "?"]
[Date "2007.??.??"]
[Round "?"]
[White "Cakl, Zdenek"]
[Black "Vojtek, Frantisek"]
[Result "1/2-1/2"]
[WhiteElo "2137"]
[BlackElo "2196"]
[Annotator "051"]
[PlyCount "54"]
[EventDate "2007.??.??"]
[EventType "corr"]
[EventRounds "1"]
[SourceDate "2007.01.28"]

1. e4 e5 2. Nf3 Nc6 3. d4 exd4 4. Nxd4 Bc5 5. Be3 Qf6 6. c3 Nge7 7. Bc4 Ne5 8.
Be2 Qg6 9. O-O d6 10. f3 O-O 11. Nd2 d5 12. Kh1 dxe4 13. fxe4 Bg4 14. Bf4 Bxe2
15. Qxe2 Bd6 16. Nc4 Nxc4 17. Qxc4 Bxf4 18. Rxf4 Nc6 19. Nxc6 Qxc6 20. Qxc6
bxc6 21. e5 Rab8 22. b3 Rb5 23. Ra4 a5 24. Re1 Re8 25. Rae4 Rd5 26. Kg1 Re6 27.
Kf2 Kf8 1/2-1/2

[Event "2MCR_3DE_1L_2S"]
[Site "?"]
[Date "2007.??.??"]
[Round "?"]
[White "Bares, Jiri"]
[Black "Postl, Rostislav"]
[Result "1/2-1/2"]
[WhiteElo "2214"]
[BlackElo "2340"]
[Annotator "051"]
[PlyCount "109"]
[EventDate "2007.??.??"]
[EventType "corr"]
[EventRounds "1"]
[SourceDate "2007.01.28"]

1. d4 d5 2. c4 dxc4 3. Nf3 Nf6 4. e3 e6 5. Bxc4 c5 6. O-O a6 7. a4 Nc6 8. Qe2
cxd4 9. Rd1 Be7 10. exd4 O-O 11. Nc3 Nd5 12. Qe4 Nf6 13. Qe2 Nd5 14. Ne5 Na5
15. Ba2 Nb4 16. Qg4 f5 17. Qg3 b6 18. Qf3 Ra7 19. Bf4 Nxa2 20. Rxa2 g5 21. Qg3
Kh8 22. Bxg5 Bxg5 23. b4 Rg7 24. bxa5 Bb7 25. Qd3 bxa5 26. g3 Bf6 27. Rb2 f4
28. Ng4 fxg3 29. hxg3 Bc6 30. Nxf6 Qxf6 31. Qe3 Rg5 32. Rdb1 Rh5 33. f4 Qg6 34.
Rh2 Rxh2 35. Kxh2 Qc2+ 36. Qe2 Bxa4 37. Ra1 Qxe2+ 38. Nxe2 Bb5 39. Nc3 Rc8 40.
Nxb5 axb5 41. Rxa5 b4 42. Rb5 Rc4 43. d5 exd5 44. Rxd5 Kg7 45. Rb5 Kf6 46. Kh3
Ke6 47. Rb7 h6 48. Kg4 Kd6 49. Rb6+ Kc5 50. Rxh6 b3 51. Rh1 Rb4 52. Kg5 b2 53.
Rb1 Kd4 54. f5 Ke5 55. g4 1/2-1/2

[Event "2MCR_3DE_1L_1S"]
[Site "?"]
[Date "2007.??.??"]
[Round "?"]
[White "Jandovsky, Viktor"]
[Black "Hybl, Vladislav"]
[Result "1/2-1/2"]
[WhiteElo "2275"]
[BlackElo "2303"]
[Annotator "050"]
[PlyCount "61"]
[EventDate "2007.??.??"]
[EventType "corr"]
[EventRounds "1"]
[SourceDate "2007.01.28"]

1. e4 e5 2. Nf3 Nc6 3. Bb5 a6 4. Ba4 Nf6 5. O-O Be7 6. Re1 b5 7. Bb3 d6 8. c3
O-O 9. h3 Bb7 10. d4 Re8 11. Nbd2 Bf8 12. d5 Nb8 13. Nf1 Nbd7 14. N3h2 Nc5 15.
Bc2 c6 16. b4 Ncd7 17. dxc6 Bxc6 18. Bg5 h6 19. Bxf6 Nxf6 20. Ng4 Nxg4 21. Qxg4
Qg5 22. Qxg5 hxg5 23. Bb3 a5 24. Rad1 Rec8 25. bxa5 Rxa5 26. Rd3 g6 27. f3 Kg7
28. Ne3 Bd7 29. Kf2 f5 30. Nd5 Be8 31. Re2 1/2-1/2

[Event "2MCR_3DE_1L_2S"]
[Site "?"]
[Date "2007.??.??"]
[Round "?"]
[White "Janous, Petr"]
[Black "Valak, Alois"]
[Result "1/2-1/2"]
[WhiteElo "2236"]
[BlackElo "2353"]
[Annotator "052"]
[PlyCount "93"]
[EventDate "2007.??.??"]
[EventType "corr"]
[EventRounds "1"]
[SourceDate "2007.01.28"]

1. e4 e5 2. Nf3 Nc6 3. Bb5 Nf6 4. O-O Nxe4 5. d4 Nd6 6. Bxc6 dxc6 7. dxe5 Nf5
8. Qxd8+ Kxd8 9. Rd1+ Ke8 10. Nc3 Be7 11. Bg5 Bxg5 12. Nxg5 Ke7 13. Rd2 h6 14.
Nf3 Rd8 15. Rxd8 Kxd8 16. Rd1+ Ke8 17. h3 Ne7 18. Nd4 Ng6 19. Re1 Bd7 20. e6
fxe6 21. Nxe6 Kf7 22. Nc5 Bc8 23. Nd3 Bf5 24. Re3 Re8 25. Kf1 Rd8 26. Ne4 Rd4
27. f3 b6 28. g4 Bc8 29. b3 c5 30. c3 Rd8 31. f4 Bb7 32. Ng3 Ne7 33. c4 Nc6 34.
f5 Re8 35. Rxe8 Kxe8 36. Ke2 a5 37. Nf4 Kf7 38. Ke3 a4 39. Ne6 axb3 40. axb3
Na5 41. h4 Kg8 42. Nxc7 Nxb3 43. Nb5 Ba6 44. Nd6 Na5 45. Kd3 Kf8 46. Nge4 Nc6
47. g5 1/2-1/2

[Event "2MCR_3DE_1L_2S"]
[Site "?"]
[Date "2007.??.??"]
[Round "?"]
[White "Valak, Alois"]
[Black "Bares, Jiri"]
[Result "1/2-1/2"]
[WhiteElo "2353"]
[BlackElo "2214"]
[Annotator "053"]
[PlyCount "88"]
[EventDate "2007.??.??"]
[EventType "corr"]
[EventRounds "1"]
[SourceDate "2007.01.28"]

1. d4 d5 2. c4 e6 3. Nf3 Nf6 4. Nc3 c6 5. e3 Nbd7 6. Qc2 Bd6 7. Bd3 dxc4 8.
Bxc4 O-O 9. O-O e5 10. h3 exd4 11. exd4 Nb6 12. Bb3 Nbd5 13. Bg5 Qa5 14. Rfe1
Nxc3 15. Bxf6 Bf5 16. Qxc3 Qxc3 17. bxc3 gxf6 18. d5 cxd5 19. Rad1 Rad8 20.
Bxd5 b5 21. Nd4 Bd7 22. Bc6 Bc5 23. Bxb5 Bxd4 24. Bxd7 Bxc3 25. Re7 Rb8 26. Ba4
a5 27. Bb3 Kg7 28. g3 Bb4 29. Rc7 Rbc8 30. Rcd7 Rce8 31. Kg2 Re7 32. Rxe7 Bxe7
33. Rd7 Bb4 34. f4 Kg6 35. g4 Kg7 36. h4 h6 37. h5 Ba3 38. Kf3 Bb4 39. a4 Bc5
40. Rb7 Bb4 41. Rc7 Bd6 42. Rb7 Bb4 43. Be6 Kg8 44. Ba2 Kg7 1/2-1/2

[Event "2MCR_3DE_1L_2S"]
[Site "?"]
[Date "2007.??.??"]
[Round "?"]
[White "Bares, Jiri"]
[Black "Pecka, Josef"]
[Result "1/2-1/2"]
[WhiteElo "2214"]
[BlackElo "2290"]
[Annotator "054"]
[PlyCount "76"]
[EventDate "2007.??.??"]
[EventType "corr"]
[EventRounds "1"]
[SourceDate "2007.01.28"]

1. d4 d5 2. c4 c6 3. cxd5 cxd5 4. Nc3 Nf6 5. Nf3 Nc6 6. Bf4 Bf5 7. e3 e6 8. Qb3
Bb4 9. Bb5 Bxc3+ 10. Qxc3 O-O 11. Bxc6 Rc8 12. Ne5 bxc6 13. Qa3 c5 14. dxc5 Nh5
15. Rc1 Qc7 16. Nd3 Nxf4 17. Nxf4 Rb8 18. O-O Rb5 19. Ne2 Rc8 20. b4 Qb7 21. c6
Qb6 22. Nd4 Rxb4 23. Nxf5 exf5 24. Qd3 Rxc6 25. Qxf5 Rxc1 26. Rxc1 g6 27. Qxd5
Rb1 28. Qd1 Rb2 29. a4 Ra2 30. Qd7 Qc5 31. Rb1 Qc2 32. Rb8+ Kg7 33. Qd4+ Kh6
34. Qf4+ g5 35. Qd6+ Qg6 36. Qf8+ Kh5 37. h3 Rxf2 38. Qc5 Re2 1/2-1/2

[Event "2MCR_3DE_1L_2S"]
[Site "?"]
[Date "2007.??.??"]
[Round "?"]
[White "Nepustil, Frantisek"]
[Black "Postl, Rostislav"]
[Result "1-0"]
[WhiteElo "2335"]
[BlackElo "2340"]
[Annotator "055"]
[PlyCount "89"]
[EventDate "2007.??.??"]
[EventType "corr"]
[EventRounds "1"]
[SourceDate "2007.01.28"]

1. e4 c5 2. d4 cxd4 3. c3 dxc3 4. Nxc3 Nc6 5. Nf3 d6 6. Bc4 e6 7. O-O Be7 8.
Qe2 Nf6 9. b4 Nxb4 10. Rd1 O-O 11. Rb1 d5 12. Bf4 Qa5 13. exd5 exd5 14. Qxe7
Nc6 15. Qe3 dxc4 16. Rb5 Qa6 17. Bg5 Ne8 18. a4 Bg4 19. h3 Be6 20. Nh4 b6 21.
f4 Bc8 22. f5 f6 23. Bf4 Qb7 24. Nd5 Qf7 25. Qe4 Bb7 26. Ng6 Rd8 27. a5 Rxd5
28. Rbxd5 Nxa5 29. Nxf8 Kxf8 30. Bd2 Bxd5 31. Bb4+ Kg8 32. Rxd5 Nc6 33. Bc3 g6
34. fxg6 hxg6 35. Rd1 Ne5 36. Bxe5 fxe5 37. Qxe5 Kh7 38. Rd8 Ng7 39. Qd4 g5 40.
Rd7 Qg6 41. Rxa7 b5 42. Rb7 g4 43. Rxb5 Qe6 44. Re5 Qg6 45. Qxg4 1-0

[Event "2MCR_3DE_1L_3S"]
[Site "?"]
[Date "2007.??.??"]
[Round "?"]
[White "Krouzel, Jaroslav"]
[Black "Cakl, Zdenek"]
[Result "1/2-1/2"]
[WhiteElo "2298"]
[BlackElo "2137"]
[Annotator "052"]
[PlyCount "61"]
[EventDate "2007.??.??"]
[EventType "corr"]
[EventRounds "1"]
[SourceDate "2007.01.28"]

1. d4 d5 2. c4 e6 3. Nc3 Nf6 4. Nf3 Be7 5. Bg5 h6 6. Bh4 O-O 7. e3 b6 8. Bd3
Bb7 9. O-O Nbd7 10. Qe2 c5 11. Rfd1 Ne4 12. Bxe7 Nxc3 13. bxc3 Qxe7 14. cxd5
exd5 15. a4 Rab8 16. Rdb1 c4 17. Bf5 Bc8 18. Bc2 Re8 19. Rb4 Qd6 20. Rab1 Re7
21. h3 Nf6 22. Ne5 Nd7 23. Ng4 Nf8 24. a5 Bxg4 25. Qxg4 Nd7 26. axb6 Rxb6 27.
Rxb6 axb6 28. Rb4 g6 29. Qd1 Nf6 30. Qb1 Re6 31. Qa2 1/2-1/2

[Event "2MCR_3DE_1L_1S"]
[Site "?"]
[Date "2007.??.??"]
[Round "?"]
[White "Blecha, Miroslav"]
[Black "Kuchta, Jiri"]
[Result "1-0"]
[WhiteElo "2227"]
[BlackElo "2244"]
[Annotator "051"]
[PlyCount "97"]
[EventDate "2007.??.??"]
[EventType "corr"]
[EventRounds "1"]
[SourceDate "2007.01.28"]

1. e4 e6 2. d4 d5 3. Nc3 Nf6 4. Bg5 dxe4 5. Nxe4 Nbd7 6. Nxf6+ Nxf6 7. Nf3 h6
8. Be3 Bd6 9. Bd3 O-O 10. Qe2 b6 11. O-O-O Bb7 12. Ne5 c5 13. Nc4 Be7 14. dxc5
Qc7 15. cxb6 axb6 16. Bxb6 Qc6 17. Kb1 Qa4 18. a3 Bd5 19. Bd4 Rfb8 20. Kc1 Nd7
21. Ne3 Bc6 22. h4 Bf6 23. Bxf6 Nxf6 24. Nc4 Bd5 25. Rh3 Qb5 26. b4 Qa6 27. Rg3
Kh8 28. Kd2 Bxc4 29. Bxc4 Qb6 30. Kc1 Qc6 31. Rd4 Qc7 32. f4 Qb6 33. Qe5 Rc8
34. Kb2 Ra5 35. Rd6 Qb8 36. Qd4 Ra8 37. Be2 Qc7 38. c4 Rab8 39. c5 Rd8 40. Rd3
Nd5 41. Rxd8+ Rxd8 42. Bf3 Qd7 43. Qc4 Qe7 44. Bxd5 exd5 45. Rxd5 Qf6+ 46. Ka2
Rc8 47. f5 Qe7 48. c6 Qa7 49. Qc5 1-0

[Event "2MCR_3DE_1L_1S"]
[Site "?"]
[Date "2007.??.??"]
[Round "?"]
[White "Zahour, Jiri"]
[Black "Soucha, Stepan"]
[Result "1/2-1/2"]
[WhiteElo "2307"]
[BlackElo "2353"]
[Annotator "052"]
[PlyCount "72"]
[EventDate "2007.??.??"]
[EventType "corr"]
[EventRounds "1"]
[SourceDate "2007.01.28"]

1. e4 e5 2. Nf3 Nc6 3. Bb5 a6 4. Ba4 Nf6 5. O-O Be7 6. Re1 b5 7. Bb3 O-O 8. a4
b4 9. d3 d6 10. a5 Be6 11. Nbd2 Qc8 12. Nc4 Rb8 13. Be3 Qb7 14. h3 Nd7 15. Ncd2
Bxb3 16. Nxb3 f5 17. exf5 Rxf5 18. Rb1 Rbf8 19. c4 Qa8 20. Ra1 Nd8 21. d4 Ne6
22. Nbd2 Qe8 23. dxe5 Nxe5 24. Nxe5 Rxe5 25. Nf3 Ref5 26. Qd3 Qg6 27. Qe4 Bg5
28. Kh1 Qf6 29. Nxg5 Nxg5 30. Qc6 Qxb2 31. Qxa6 Nf3 32. gxf3 Rxf3 33. Qb5 Rxh3+
34. Kg1 Rxe3 35. Qd5+ Kh8 36. fxe3 Qf2+ 1/2-1/2

[Event "2MCR_3DE_1L_1S"]
[Site "?"]
[Date "2007.??.??"]
[Round "?"]
[White "Soucha, Stepan"]
[Black "Kuchta, Jiri"]
[Result "1-0"]
[WhiteElo "2353"]
[BlackElo "2244"]
[Annotator "053"]
[PlyCount "99"]
[EventDate "2007.??.??"]
[EventType "corr"]
[EventRounds "1"]
[SourceDate "2007.01.28"]

1. d4 d5 2. c4 e6 3. Nc3 Nf6 4. cxd5 exd5 5. Bg5 c6 6. e3 Be7 7. Bd3 O-O 8. Qc2
Re8 9. Nge2 Nbd7 10. O-O Nf8 11. f3 Kh8 12. Bh4 Ng6 13. Bf2 Be6 14. Kh1 Rc8 15.
Rad1 Nd7 16. f4 Bg4 17. f5 Ngf8 18. Rde1 Bxe2 19. Rxe2 Nb6 20. e4 dxe4 21. Nxe4
Nd5 22. Bg3 Nd7 23. f6 N7xf6 24. Ng5 Rf8 25. Bxh7 c5 26. Be5 cxd4 27. Qd3 Ne3
28. Bxf6 Bxf6 29. Bg8 g6 30. Nxf7+ Rxf7 31. Bxf7 Qf8 32. Bxg6 Qh6 33. Rg1 Rc7
34. g4 Rg7 35. Bf5 Qf4 36. Qe4 Qxe4+ 37. Bxe4 Re7 38. g5 Bxg5 39. Rxg5 Rxe4 40.
Rf2 Kh7 41. Rf3 Re6 42. Rh3+ Rh6 43. Rhg3 Rb6 44. Rh5+ Rh6 45. Rxh6+ Kxh6 46.
Rxe3 dxe3 47. Kg2 Kg5 48. Kf3 e2 49. Kxe2 Kg4 50. Ke3 1-0

[Event "2MCR_3DE_1L_3S"]
[Site "?"]
[Date "2007.??.??"]
[Round "?"]
[White "Sykora, Josef"]
[Black "Splichal, Josef"]
[Result "1-0"]
[WhiteElo "2365"]
[BlackElo "2168"]
[Annotator "053"]
[PlyCount "79"]
[EventDate "2007.??.??"]
[EventType "corr"]
[EventRounds "1"]
[SourceDate "2007.01.28"]

1. c4 Nf6 2. Nc3 e6 3. Nf3 Bb4 4. Qc2 O-O 5. a3 Bxc3 6. Qxc3 d6 7. d4 Ne4 8.
Qc2 f5 9. g3 b6 10. Bg2 Bb7 11. O-O Nc6 12. Rd1 Qf6 13. b4 Ne7 14. Ne1 a5 15.
Bb2 Qf7 16. Nd3 Qe8 17. b5 Rc8 18. a4 c6 19. Qb3 cxb5 20. axb5 Ng6 21. Ba3 f4
22. Bxe4 Bxe4 23. Bxd6 fxg3 24. hxg3 Rf7 25. f3 Qd8 26. c5 Bd5 27. Qb2 Qg5 28.
Qd2 Qd8 29. Rdc1 Qd7 30. Qb2 Qd8 31. Ne5 Nxe5 32. Bxe5 Qg5 33. Rc3 bxc5 34. Qc1
Qh5 35. Rxc5 Rxc5 36. Qxc5 Qg5 37. Qc3 Qd8 38. Rxa5 h6 39. Ra6 Qe8 40. Qc5 1-0

[Event "2MCR_3DE_1L_3S"]
[Site "?"]
[Date "2007.??.??"]
[Round "?"]
[White "Vojtek, Frantisek"]
[Black "Schwarz, Jan"]
[Result "1/2-1/2"]
[WhiteElo "2196"]
[BlackElo "2266"]
[Annotator "054"]
[PlyCount "74"]
[EventDate "2007.??.??"]
[EventType "corr"]
[EventRounds "1"]
[SourceDate "2007.01.28"]

1. e4 c5 2. Nf3 e6 3. d4 cxd4 4. Nxd4 Nc6 5. Nc3 Qc7 6. Be2 a6 7. O-O Nf6 8.
Be3 Bb4 9. Na4 O-O 10. Nxc6 bxc6 11. Nb6 Rb8 12. Nxc8 Rfxc8 13. Bxa6 Re8 14.
Bd3 Bd6 15. Kh1 Be5 16. c3 Rxb2 17. Qc1 Qb7 18. f4 Bc7 19. e5 Ng4 20. Bc5 Ra8
21. h3 Ra5 22. Bg1 Nh6 23. Rd1 d6 24. exd6 Bxd6 25. Be4 Be7 26. Bxc6 Qb8 27.
Rb1 Raxa2 28. g4 Kh8 29. Bg2 Qb3 30. Rxb2 Rxb2 31. Rd7 Ng8 32. Qd1 Qb8 33. Qa4
Rxg2 34. Kxg2 Qb2+ 35. Kh1 Qxc3 36. Kg2 Qb2+ 37. Kh1 Qc3 1/2-1/2

[Event "2MCR_3DE_1L_3S"]
[Site "?"]
[Date "2007.??.??"]
[Round "?"]
[White "Jirku, Jaroslav"]
[Black "Krouzel, Jaroslav"]
[Result "1/2-1/2"]
[WhiteElo "2299"]
[BlackElo "2298"]
[Annotator "055"]
[PlyCount "60"]
[EventDate "2007.??.??"]
[EventType "corr"]
[EventRounds "1"]
[SourceDate "2007.01.28"]

1. e4 e6 2. d4 d5 3. Nc3 Bb4 4. e5 c5 5. a3 Bxc3+ 6. bxc3 Ne7 7. Qg4 O-O 8. Bd3
f5 9. exf6 Rxf6 10. Bg5 Rf7 11. Qh5 g6 12. Qd1 Nbc6 13. Nf3 Qf8 14. O-O c4 15.
Be2 h6 16. Be3 Nf5 17. Qd2 Bd7 18. Rfe1 Kh7 19. Bf1 Re8 20. a4 b6 21. Qd1 Nxe3
22. Rxe3 Qg7 23. Ne5 Nxe5 24. Rxe5 Qf6 25. Qe2 Ref8 26. f3 a5 27. Re3 g5 28. g3
Qf5 29. Ra2 Rf6 30. Bg2 Rb8 1/2-1/2

[Event "2MCR_3DE_1L_2S"]
[Site "?"]
[Date "2007.??.??"]
[Round "?"]
[White "Houska, Jiri"]
[Black "Hala, Martin"]
[Result "1-0"]
[WhiteElo "2244"]
[BlackElo "2368"]
[Annotator "056"]
[PlyCount "85"]
[EventDate "2007.??.??"]
[EventType "corr"]
[EventRounds "1"]
[SourceDate "2007.01.28"]

1. e4 e5 2. Nf3 Nc6 3. Bb5 f5 4. Nc3 fxe4 5. Nxe4 d5 6. Nxe5 dxe4 7. Nxc6 Qg5
8. Qe2 Nf6 9. f4 Qxf4 10. Ne5+ c6 11. d4 Qh4+ 12. g3 Qh3 13. Bc4 Be6 14. Bg5
O-O-O 15. O-O-O Bd6 16. Nf7 Bxf7 17. Bxf7 Rhf8 18. Bc4 Rde8 19. Rhf1 h6 20.
Bxf6 gxf6 21. Rf2 Kb8 22. d5 c5 23. Bb5 Re5 24. Rdf1 Qh5 25. Qxh5 Rxh5 26. Be2
Re5 27. Rxf6 Rxf6 28. Rxf6 Be7 29. Rg6 Bg5+ 30. Kb1 Rxd5 31. Re6 Rd7 32. Rxe4
Re7 33. Rxe7 Bxe7 34. c3 Kc7 35. Kc2 Kd6 36. a4 Bf6 37. Kd3 Bg5 38. Ke4 c4 39.
Bxc4 Bc1 40. b4 Bg5 41. Bd5 b6 42. c4 Bd2 43. b5 1-0

[Event "2MCR_3DE_1L_2S"]
[Site "?"]
[Date "2007.??.??"]
[Round "?"]
[White "Popelka, Miloslav"]
[Black "Canibal, Jaromir"]
[Result "1/2-1/2"]
[WhiteElo "2147"]
[BlackElo "2255"]
[Annotator "057"]
[PlyCount "78"]
[EventDate "2007.??.??"]
[EventType "corr"]
[EventRounds "1"]
[SourceDate "2007.01.28"]

1. e4 e5 2. Nf3 Nf6 3. Nxe5 d6 4. Nf3 Nxe4 5. d4 d5 6. Bd3 Be7 7. O-O Nc6 8. c4
Nf6 9. Nc3 O-O 10. h3 Nb4 11. Be2 dxc4 12. Bxc4 c6 13. a3 Nbd5 14. Re1 Be6 15.
Bd3 h6 16. Bc2 c5 17. Qd3 Rc8 18. Rxe6 fxe6 19. Bxh6 Qe8 20. Bg5 Qh5 21. Bb3
cxd4 22. Nxd4 Rxc3 23. bxc3 Qxg5 24. Nxe6 Qe5 25. Nxf8 Kxf8 26. Rd1 Nxc3 27.
Qc4 Nfd5 28. Qc8+ Kf7 29. Bxd5+ Nxd5 30. Qc4 Ke6 31. f4 Qe3+ 32. Kh1 Qc5 33.
Qe4+ Kd6 34. Qe5+ Kc6 35. Rxd5 Qxd5 36. Qxe7 Qd4 37. Qe6+ Kb5 38. Qb3+ Kc6 39.
Qf3+ Kc7 1/2-1/2

[Event "2MCR_3DE_1L_1S"]
[Site "?"]
[Date "2007.??.??"]
[Round "?"]
[White "Vozda, Jindrich"]
[Black "Contos, Vaclav"]
[Result "0-1"]
[WhiteElo "2469"]
[BlackElo "2200"]
[Annotator "054"]
[PlyCount "64"]
[EventDate "2007.??.??"]
[EventType "corr"]
[EventRounds "1"]
[SourceDate "2007.01.28"]

1. e4 c6 2. d4 d5 3. exd5 cxd5 4. c4 Nf6 5. Nc3 e6 6. Nf3 Be7 7. cxd5 Nxd5 8.
Bd3 Nc6 9. O-O O-O 10. Re1 Bf6 11. a3 Bd7 12. Bg5 Bxg5 13. Be4 Nxc3 14. bxc3
Bf4 15. g3 Bd6 16. d5 exd5 17. Qxd5 Be6 18. Qb5 Qc7 19. Rab1 Rab8 20. Ng5 g6
21. Nxe6 fxe6 22. a4 Na5 23. f4 Kh8 24. Kh1 e5 25. fxe5 Bxe5 26. Rbc1 b6 27.
Bd5 Nb7 28. Re3 Nc5 29. Rce1 Bg7 30. c4 Qd6 31. Kg2 Qf6 32. Qb1 Nxa4 0-1

[Event "2MCR_3DE_1L_2S"]
[Site "?"]
[Date "2007.??.??"]
[Round "?"]
[White "Valak, Alois"]
[Black "Glaser, Karel"]
[Result "1/2-1/2"]
[WhiteElo "2353"]
[BlackElo "2200"]
[Annotator "058"]
[PlyCount "139"]
[EventDate "2007.??.??"]
[EventType "corr"]
[EventRounds "1"]
[SourceDate "2007.01.28"]

1. d4 Nf6 2. Nf3 e6 3. c4 d5 4. Nc3 c6 5. Bg5 h6 6. Bxf6 Qxf6 7. e3 Nd7 8. Bd3
Bd6 9. O-O Qe7 10. c5 Bc7 11. e4 dxe4 12. Nxe4 O-O 13. Qc2 Rd8 14. Rad1 Nf8 15.
Rfe1 Ng6 16. g3 Qf8 17. Nc3 Ne7 18. a3 g6 19. Bc4 Qg7 20. Ne5 Kh7 21. Ne4 f6
22. Nf3 Nd5 23. Nc3 Qf7 24. Rd2 Kg7 25. Rde2 b6 26. Bxd5 cxd5 27. c6 a6 28. b4
b5 29. Rc1 Rb8 30. Nb1 g5 31. Qc3 Rb6 32. Nbd2 Qh5 33. Nb3 Re8 34. Rce1 Qf7 35.
Re3 Bd6 36. Qc2 Kg8 37. Na5 Bc7 38. h3 Bd6 39. Kg2 Kh8 40. Qd3 h5 41. Rd1 Re7
42. Ng1 h4 43. Nf3 Qh5 44. g4 Qe8 45. Qb3 Kg7 46. Re2 Qd8 47. Rde1 Bf4 48. Kg1
Rb8 49. Kg2 Re8 50. Rc2 Qc7 51. Qc3 Ra8 52. Nb3 Ra7 53. Nc5 Qb6 54. Nd3 Bd6 55.
Qd2 Kg8 56. Rc3 Rg7 57. Nc5 Qc7 58. Kg1 Ree7 59. Qc2 Kf7 60. Qb3 Qb6 61. Qc2
Qc7 62. a4 Qb6 63. a5 Qd8 64. Nd3 Rc7 65. Rc1 Kg8 66. Qb3 Qe8 67. R3c2 Kh7 68.
Kg2 Kh6 69. Kg1 Kh7 70. Qb2 1/2-1/2

[Event "2MCR_3DE_1L_2S"]
[Site "?"]
[Date "2007.??.??"]
[Round "?"]
[White "Hala, Martin"]
[Black "Alexa, Jaroslav"]
[Result "0-1"]
[WhiteElo "2368"]
[BlackElo "2374"]
[Annotator "059"]
[PlyCount "56"]
[EventDate "2007.??.??"]
[EventType "corr"]
[EventRounds "1"]
[SourceDate "2007.01.28"]

1. e4 c5 2. Nf3 d6 3. d4 cxd4 4. Nxd4 Nf6 5. Nc3 a6 6. Bc4 e6 7. Bb3 b5 8. Qf3
Bb7 9. O-O Nbd7 10. Re1 Nc5 11. Bd5 Nxd5 12. Nxd5 Rc8 13. c3 Nd7 14. Nb4 Be7
15. Qe2 O-O 16. Be3 Ne5 17. Rad1 Qc7 18. Bf4 Rfe8 19. f3 Qc4 20. Bg3 Qxe2 21.
Rxe2 a5 22. Nbc2 Ba6 23. f4 Nd7 24. Re3 b4 25. cxb4 e5 26. bxa5 exd4 27. Nxd4
Nf6 28. b4 d5 0-1

[Event "2MCR_3DE_1L_2S"]
[Site "?"]
[Date "2007.??.??"]
[Round "?"]
[White "Popelka, Miloslav"]
[Black "Alexa, Jaroslav"]
[Result "1-0"]
[WhiteElo "2147"]
[BlackElo "2374"]
[Annotator "060"]
[PlyCount "69"]
[EventDate "2007.??.??"]
[EventType "corr"]
[EventRounds "1"]
[SourceDate "2007.01.28"]

1. e4 c5 2. Nf3 d6 3. d4 cxd4 4. Nxd4 Nf6 5. Nc3 a6 6. Be3 e5 7. Nb3 Be6 8. f3
Be7 9. Qd2 O-O 10. O-O-O Nbd7 11. g4 b5 12. g5 b4 13. Ne2 Ne8 14. f4 a5 15. f5
a4 16. Nbd4 exd4 17. Nxd4 b3 18. Kb1 bxc2+ 19. Nxc2 Bb3 20. axb3 axb3 21. Na3
Ne5 22. h4 Ra4 23. Bd4 Qa8 24. Qe3 Kh8 25. Bb5 Ra5 26. Bc3 Ra7 27. h5 f6 28. h6
fxg5 29. hxg7+ Nxg7 30. Qe2 Rf6 31. Rh2 Bf8 32. Bc4 Ne8 33. Bxb3 Bg7 34. Rdh1
h6 35. Qg2 1-0

[Event "2MCR_3DE_1L_2S"]
[Site "?"]
[Date "2007.??.??"]
[Round "?"]
[White "Pravec, Ladislav"]
[Black "Popelka, Miloslav"]
[Result "1/2-1/2"]
[WhiteElo "2352"]
[BlackElo "2147"]
[Annotator "061"]
[PlyCount "70"]
[EventDate "2007.??.??"]
[EventType "corr"]
[EventRounds "1"]
[SourceDate "2007.01.28"]

1. d4 Nf6 2. c4 e6 3. Nf3 b6 4. Nc3 Bb7 5. a3 d5 6. Bg5 Be7 7. Qa4+ c6 8. Bxf6
Bxf6 9. cxd5 exd5 10. g3 O-O 11. Bg2 Nd7 12. O-O Re8 13. Rfd1 g6 14. Rac1 Bg7
15. e3 a5 16. Qc2 Qe7 17. Ne2 a4 18. Nf4 Nf6 19. Nd2 Rec8 20. Nb1 Ne4 21. Nc3
Nxc3 22. Qxc3 Qd6 23. Qc2 h5 24. Rd2 Rd8 25. Qd1 Re8 26. Rdc2 Qf6 27. Rc3 Red8
28. Nd3 Bf8 29. Qf3 Qxf3 30. Bxf3 Kg7 31. Kg2 Ra5 32. h4 Rc8 33. Nf4 Rd8 34.
Nd3 Rc8 35. Nf4 Rd8 1/2-1/2

[Event "2MCR_3DE_1L_3S"]
[Site "?"]
[Date "2007.??.??"]
[Round "?"]
[White "Cakl, Zdenek"]
[Black "Nigrin, Jiri"]
[Result "0-1"]
[WhiteElo "2137"]
[BlackElo "2002"]
[Annotator "056"]
[PlyCount "68"]
[EventDate "2007.??.??"]
[EventType "corr"]
[EventRounds "1"]
[SourceDate "2007.01.28"]

1. e4 c5 2. Nf3 Nc6 3. d4 cxd4 4. Nxd4 Nf6 5. Nc3 e5 6. Ndb5 d6 7. Bg5 a6 8.
Na3 b5 9. Nd5 Qa5+ 10. Bd2 Qd8 11. Bd3 Nxd5 12. exd5 Ne7 13. c4 g6 14. cxb5 Bg7
15. O-O O-O 16. Bb4 Nxd5 17. Be4 Nxb4 18. Bxa8 d5 19. Qd2 a5 20. Bc6 Bf5 21.
Rfc1 e4 22. Nc2 Nd3 23. Rf1 Bxb2 24. Rab1 Be5 25. Ne3 Be6 26. Rfd1 Qd6 27. g3
f5 28. Rb3 f4 29. Rxd3 exd3 30. gxf4 Rxf4 31. Qxa5 Rd4 32. h3 Kg7 33. Qa8 Kh6
34. b6 Qe7 0-1

[Event "2MCR_3DE_1L_1S"]
[Site "?"]
[Date "2007.??.??"]
[Round "?"]
[White "Zahour, Jiri"]
[Black "Novak, Vratislav"]
[Result "1/2-1/2"]
[WhiteElo "2307"]
[BlackElo "2292"]
[Annotator "055"]
[PlyCount "119"]
[EventDate "2007.??.??"]
[EventType "corr"]
[EventRounds "1"]
[SourceDate "2007.01.28"]

1. e4 c5 2. Nf3 d6 3. Bb5+ Nd7 4. a4 g6 5. O-O Bg7 6. d3 Ngf6 7. Nc3 a6 8. Bc4
O-O 9. h3 b6 10. Bf4 Qc7 11. Qd2 Bb7 12. Rfe1 e6 13. Bb3 Ne5 14. Nxe5 dxe5 15.
Bg5 Nh5 16. Qe3 Nf4 17. f3 h6 18. Bh4 Qd6 19. Kh2 Kh7 20. Nb1 f5 21. Nd2 Rae8
22. Red1 Nh5 23. Nc4 Qc7 24. a5 b5 25. Nb6 Rf7 26. Bf2 Bf8 27. Qd2 Qd6 28. Qe1
Rd8 29. Be3 Be7 30. Qc3 Nf4 31. Qe1 Rg7 32. Qf2 Nh5 33. Qe2 Bh4 34. Bf2 Bxf2
35. Qxf2 f4 36. c3 Ng3 37. Qc2 Qe7 38. Qf2 g5 39. d4 cxd4 40. cxd4 exd4 41.
Rxd4 Rxd4 42. Qxd4 g4 43. fxg4 e5 44. Qd1 h5 45. gxh5 Bxe4 46. Bc2 Bxc2 47.
Qxc2+ e4 48. Rd1 Qe6 49. Rd4 Rf7 50. Rd8 Nf1+ 51. Kg1 Ne3 52. Qd2 Qa2 53. Qc1
Qxa5 54. Rd6 Qb4 55. Rd8 Kh6 56. Kh2 Qe7 57. Qc8 Qf6 58. Nd7 Nf1+ 59. Kh1 Ng3+
60. Kh2 1/2-1/2